[Event "POL-chT 2nd League"]
[Site "Jastrzebia Gora"]
[Date "2015.09.11"]
[Round "7.61"]
[White "Brzezinski, Mateusz"]
[Black "Luksik, Mateusz"]
[Result "0-1"]
[WhiteElo "2125"]
[BlackElo "2056"]
[PlyCount "100"]
[EventDate "2015.09.05"]
[EventType "team-swiss"]
[EventRounds "9"]
[EventCountry "POL"]
[SourceTitle "EXT 2017"]
[Source "ChessBase"]
[SourceDate "2016.10.25"]
[SourceVersion "1"]
[SourceVersionDate "2016.10.25"]
[SourceQuality "1"]
[WhiteTeam "Bydgoszcz Hetman"]
[BlackTeam "Stara Wies Parnas"]
[WhiteTeamCountry "POL"]
[BlackTeamCountry "POL"]

1. e4 c5 2. Nf3 Nc6 3. d4 cxd4 4. Nxd4 e5 5. Nb5 a6 6. Nd6+ Bxd6 7. Qxd6 Qe7 8. Qxe7+ Ngxe7 9. Nc3 d5 10. Bd2 Be6 11. exd5 Nxd5 12. Bc4 Nxc3 13. Bxe6 Ne4 14. Bd5 Nxd2 15. Bxc6+ bxc6 16. Kxd2 0-0-0+ 17. Ke2 Rd5 18. Rad1 Rhd8 19. Rxd5 cxd5 20. h4 Kd7 21. Rh3 Rb8 22. b3 Rb4 23. Rd3 Ke6 24. g3 Rb8 25. Rc3 Kd6 26. a3 a5 27. Kd2 f5 28. f4 e4 29. Ke3 Rb6 30. Rc8 Rc6 31. Rd8+ Kc5 32. h5 Rd6 33. Rc8+ Rc6 34. Rd8 Rd6 35. b4+ axb4 36. axb4+ Kc6 37. b5+ Kc5 38. Rf8 d4+ 39. Kd2 g6 40. h6 Rd7 41. Rb8 Kd6 42. Rg8 Ra7 43. Rg7 Ra2 44. Kd1 Ra1+ 45. Kd2 Ra2 46. Kd1 Ra1+ 47. Kd2 e3+ 48. Ke2 Rc1 49. Rxh7 Rxc2+ 50. Kd1 d3 0-1

[Event "Warsaw YMCA Spring 123rd"]
[Site "Warsaw"]
[Date "2013.05.31"]
[Round "8"]
[White "Luksik, Mateusz"]
[Black "Szymczak, Rafal"]
[Result "0-1"]
[WhiteElo "2078"]
[BlackElo "2091"]
[PlyCount "110"]
[EventDate "2013.04.12"]
[EventType "tourn"]
[EventRounds "11"]
[EventCountry "POL"]
[SourceTitle "EXT 2014"]
[Source "ChessBase"]
[SourceDate "2013.11.20"]
[SourceVersion "1"]
[SourceVersionDate "2013.11.20"]
[SourceQuality "1"]

1. e4 d5 2. exd5 Qxd5 3. Nc3 Qd6 4. d4 Nf6 5. Nf3 a6 6. Be2 Nbd7 7. 0-0 e6 8. a4 b6 9. b3 Bb7 10. Ba3 c5 11. dxc5 Nxc5 12. Qxd6 Bxd6 13. a5 bxa5 14. Rfd1 Be7 15. Ne5 Ncd7 16. Nc4 Rc8 17. Bxe7 Kxe7 18. Rxa5 Rc7 19. Kf1 Rhc8 20. Ra2 Nd5 21. Nxd5+ Bxd5 22. Ne3 Be4 23. Rd2 Bb7 24. Nc4 Nc5 25. f3 Rb8 26. Kf2 f6 27. Ne3 Bc8 28. Bc4 Rb6 29. Ra1 Rd7 30. Re2 Bb7 31. Ra5 Rc7 32. Nf5+ Kf8 33. Ne3 g6 34. Rd2 Ke7 35. Ra1 Rd7 36. Re2 Kf7 37. Rae1 Rbd6 38. Nf1 Re7 39. g4 Bc8 40. Ne3 Rb7 41. h4 Kg7 42. Ng2 h6 43. g5 hxg5 44. hxg5 Rf7 45. b4 Rd4 46. Ne3 Na4 47. Rg1 fxg5 48. Bd3 Bb7 49. Nc4 Bxf3 50. Ke3 Rff4 51. Rf2 g4 52. Nd2 Nc3 53. Nxf3 gxf3 54. Rxg6+ Kf7 55. Rg3 Nd1+ 0-1

[Event "Warsaw YMCA Spring 123rd"]
[Site "Warsaw"]
[Date "2013.05.21"]
[Round "5"]
[White "Malec, Sebastian"]
[Black "Luksik, Mateusz"]
[Result "1-0"]
[WhiteElo "2170"]
[BlackElo "2078"]
[PlyCount "69"]
[EventDate "2013.04.12"]
[EventType "tourn"]
[EventRounds "11"]
[EventCountry "POL"]
[SourceTitle "EXT 2014"]
[Source "ChessBase"]
[SourceDate "2013.11.20"]
[SourceVersion "1"]
[SourceVersionDate "2013.11.20"]
[SourceQuality "1"]

1. d4 d5 2. c4 c6 3. Nf3 e6 4. e3 f5 5. Ne5 Nf6 6. g4 Ne4 7. h4 Bb4+ 8. Bd2 Qa5 9. a3 Bxd2+ 10. Nxd2 0-0 11. b4 Qc7 12. Bd3 Nd7 13. f4 Nxe5 14. dxe5 a5 15. Bxe4 fxe4 16. c5 b6 17. Nb3 Ba6 18. Qd4 axb4 19. cxb6 Qe7 20. axb4 Bc4 21. Nc5 Rab8 22. Ra7 Qd8 23. Nxe6 Qc8 24. Rxg7+ Kh8 25. Re7 Re8 26. Rxe8+ Qxe8 27. f5 c5 28. Nxc5 Qb5 29. e6+ Kg8 30. f6 Qxb4+ 31. Kf2 Ra8 32. f7+ Kf8 33. Nd7+ Ke7 34. Qf6+ Kd6 35. f8Q+ 1-0

[Event "Warsaw YMCA Spring 123rd"]
[Site "Warsaw"]
[Date "2013.04.16"]
[Round "2"]
[White "Luksik, Mateusz"]
[Black "Pazderski, Ziemowit"]
[Result "0-1"]
[WhiteElo "2078"]
[BlackElo "2182"]
[PlyCount "64"]
[EventDate "2013.04.12"]
[EventType "tourn"]
[EventRounds "11"]
[EventCountry "POL"]
[SourceTitle "EXT 2014"]
[Source "ChessBase"]
[SourceDate "2013.11.20"]
[SourceVersion "1"]
[SourceVersionDate "2013.11.20"]
[SourceQuality "1"]

1. d4 d5 2. c4 c6 3. cxd5 cxd5 4. Nc3 Nf6 5. Bf4 Qb6 6. Rc1 Nc6 7. Nf3 Bf5 8. Qb3 Qxb3 9. axb3 e6 10. e3 Rc8 11. h3 Bb4 12. Nd2 Na5 13. g4 Bg6 14. f3 h5 15. Bg2 0-0 16. Ke2 Rc6 17. e4 Rfc8 18. Kd3 dxe4+ 19. fxe4 Bxc3 20. bxc3 Nd5 21. Bg5 f6 22. gxh5 fxg5 23. hxg6 Rxc3+ 24. Rxc3 Rxc3+ 25. Ke2 Nf4+ 26. Kf2 Rc2 27. Ke3 Nxg2+ 28. Kd3 Rc8 29. e5 Nf4+ 30. Ke4 Nd5 31. Nf3 Rc3 32. Re1 Nxb3 0-1

[Event "Warsaw YMCA Winter 116th"]
[Site "Warsaw"]
[Date "2013.03.11"]
[Round "10"]
[White "Szymczak, Rafal"]
[Black "Luksik, Mateusz"]
[Result "1-0"]
[WhiteElo "2067"]
[BlackElo "2099"]
[PlyCount "133"]
[EventDate "2013.01.10"]
[EventType "tourn"]
[EventRounds "11"]
[EventCountry "POL"]
[SourceTitle "EXT 2014"]
[Source "ChessBase"]
[SourceDate "2013.11.20"]
[SourceVersion "1"]
[SourceVersionDate "2013.11.20"]
[SourceQuality "1"]

1. f4 Nf6 2. Nf3 g6 3. g3 Bg7 4. Bg2 0-0 5. 0-0 d5 6. d3 c5 7. c3 Nc6 8. Na3 Qb6 9. Kh1 Rd8 10. Qe1 Bg4 11. e4 Bxf3 12. Bxf3 e5 13. exd5 Nxd5 14. Nc4 Qc7 15. fxe5 Nxe5 16. Nxe5 Bxe5 17. Qf2 Bg7 18. Bg5 f6 19. Be3 Nxe3 20. Qxe3 Re8 21. Bd5+ Kh8 22. Qf3 Re5 23. Rae1 Rae8 24. Rxe5 Rxe5 25. c4 b6 26. g4 Qe7 27. Be4 Qd7 28. b3 Rg5 29. Bf5 gxf5 30. Qa8+ Bf8 31. Qxf8+ Rg8 32. Qxf6+ Rg7 33. Qxf5 Qxf5 34. gxf5 Rd7 35. Rf3 Kg7 36. Kg2 Kf6 37. Kf2 Rd4 38. Ke3 Rh4 39. h3 a6 40. a3 a5 41. Kd2 Rd4 42. Kc3 Rh4 43. b4 a4 44. bxc5 bxc5 45. Kd2 Rd4 46. Ke2 Rd8 47. Ke3 Re8+ 48. Kf4 Re5 49. d4 cxd4 50. Rd3 Rxf5+ 51. Ke4 Rh5 52. Kxd4 Ke6 53. Kc3 Rh4 54. Kb4 Ke7 55. Kb5 Rf4 56. c5 Rf5 57. Kb6 Rf1 58. Kc7 Rb1 59. Re3+ Kf7 60. Re4 Rb3 61. Rxa4 Rxh3 62. c6 h5 63. Kc8 Ke6 64. c7 Rb3 65. Kd8 Rd3+ 66. Ke8 Rc3 67. Ra6+ 1-0

[Event "Warsaw YMCA Winter 116th"]
[Site "Warsaw"]
[Date "2013.02.14"]
[Round "6"]
[White "Delega, Tomasz"]
[Black "Luksik, Mateusz"]
[Result "0-1"]
[WhiteElo "2129"]
[BlackElo "2099"]
[PlyCount "148"]
[EventDate "2013.01.10"]
[EventType "tourn"]
[EventRounds "11"]
[EventCountry "POL"]
[SourceTitle "EXT 2014"]
[Source "ChessBase"]
[SourceDate "2013.11.20"]
[SourceVersion "1"]
[SourceVersionDate "2013.11.20"]
[SourceQuality "1"]

1. e4 c5 2. Nf3 d6 3. d4 cxd4 4. Nxd4 Nf6 5. Nc3 a6 6. Bc4 e6 7. Bb3 Be7 8. g4 Nc6 9. g5 Nxd4 10. Qxd4 Nh5 11. Rg1 0-0 12. Be3 b5 13. 0-0-0 Bb7 14. f4 Qa5 15. f5 b4 16. f6 Bd8 17. Ne2 Rc8 18. Ng3 Nxg3 19. Rxg3 Qe5 20. fxg7 Kxg7 21. Qxb4 Qxe4 22. Qxd6 Bc7 23. Qd4+ Be5 24. Qxe5+ Qxe5 25. Bd4 Qxd4 26. Rxd4 Rc5 27. c3 Rf5 28. Rd2 Be4 29. Bd1 Rf1 30. b3 Rc8 31. Kb2 Rc5 32. b4 Rcf5 33. h4 Rd5 34. Rxd5 exd5 35. Kc1 Rh1 36. h5 h6 37. gxh6+ Kxh6 38. a4 f5 39. Rg6+ Kh7 40. Kd2 f4 41. Rf6 Rh2+ 42. Ke1 Rh1+ 43. Kd2 Rh2+ 44. Kc1 Rh3 45. Rxf4 Rxc3+ 46. Kb2 Rd3 47. Kc1 Rc3+ 48. Kb2 Rd3 49. Bg4 Kh6 50. Rf8 Rd2+ 51. Kc3 Rd3+ 52. Kb2 Rd2+ 53. Ka1 Rd4 54. Rb8 a5 55. Kb2 Rd2+ 56. Kc1 Rc2+ 57. Kd1 Rg2 58. Be2 axb4 59. Rxb4 Rg1+ 60. Kd2 Ra1 61. Ke3 Kg5 62. Kd4 Kf4 63. Kc5 Ke3 64. Bg4 Rc1+ 65. Kd6 d4 66. Ke5 Rc5+ 67. Kf6 d3 68. h6 Rc6+ 69. Ke5 Rc5+ 70. Kf6 Rc6+ 71. Kg5 Rg6+ 72. Kh5 Rxg4 73. h7 Rg1 74. Kh6 Rh1+ 0-1

[Event "Warsaw YMCA Winter 116th"]
[Site "Warsaw"]
[Date "2013.02.13"]
[Round "4"]
[White "Luksik, Mateusz"]
[Black "Jarmula, Lukasz"]
[Result "1-0"]
[WhiteElo "2099"]
[BlackElo "2164"]
[PlyCount "131"]
[EventDate "2013.01.10"]
[EventType "tourn"]
[EventRounds "11"]
[EventCountry "POL"]
[SourceTitle "EXT 2014"]
[Source "ChessBase"]
[SourceDate "2013.11.20"]
[SourceVersion "1"]
[SourceVersionDate "2013.11.20"]
[SourceQuality "1"]

1. e4 e5 2. Nf3 Nc6 3. Bb5 a6 4. Bxc6 dxc6 5. d4 Bg4 6. dxe5 Qxd1+ 7. Kxd1 f6 8. Bf4 0-0-0+ 9. Nbd2 Ne7 10. exf6 gxf6 11. h3 Be6 12. Be3 f5 13. e5 h6 14. Ke2 Nd5 15. Nd4 Bd7 16. e6 Be8 17. Nxf5 Bg6 18. g4 Nxe3 19. e7 Nxf5 20. exd8Q+ Kxd8 21. gxf5 Bxf5 22. c3 Bc5 23. f3 Rg8 24. Ne4 Bb6 25. Rad1+ Ke7 26. Rd2 Ke6 27. Kf1 Ke5 28. Rg2 Re8 29. Ke2 Kf4 30. Rg4+ Ke5 31. Rg7 Kf4 32. Rg4+ Ke5 33. Re1 Bxg4 34. hxg4 h5 35. gxh5 Rh8 36. Rh1 Kf5 37. Rh4 Rg8 38. h6 Rh8 39. Ng3+ Kg6 40. Rg4+ Kf7 41. Rf4+ Kg6 42. Rg4+ Kf7 43. Rh4 Kg6 44. Kd3 Rxh6 45. Rxh6+ Kxh6 46. Ke4 Bf2 47. Ne2 Kg5 48. Ke5 Bc5 49. b3 Bd6+ 50. Ke6 c5 51. c4 b5 52. a4 bxc4 53. bxc4 Kh4 54. Nc3 Kg3 55. Ne4+ Kxf3 56. Nxd6 Ke3 57. Nf5+ Kd3 58. Kd5 Kc3 59. Kxc5 Kb3 60. a5 Ka4 61. Ne7 Kxa5 62. Nd5 Ka4 63. Nxc7 a5 64. Nb5 Kb3 65. Kd4 Kb4 66. Nc3 1-0

[Event "Warsaw YMCA Winter 116th"]
[Site "Warsaw"]
[Date "2013.02.01"]
[Round "2"]
[White "Luksik, Mateusz"]
[Black "Goslawski, Michal"]
[Result "0-1"]
[WhiteElo "2099"]
[BlackElo "2131"]
[PlyCount "104"]
[EventDate "2013.01.10"]
[EventType "tourn"]
[EventRounds "11"]
[EventCountry "POL"]
[SourceTitle "EXT 2014"]
[Source "ChessBase"]
[SourceDate "2013.11.20"]
[SourceVersion "1"]
[SourceVersionDate "2013.11.20"]
[SourceQuality "1"]

1. e4 e6 2. d4 d5 3. e5 c5 4. c3 Nc6 5. Nf3 Qb6 6. Bd3 cxd4 7. cxd4 Bd7 8. 0-0 Nxd4 9. Nxd4 Qxd4 10. Nc3 a6 11. Re1 Qa7 12. Qh5 Bc5 13. Kh1 Ne7 14. Bg5 h6 15. Rac1 g6 16. Qh3 Bc6 17. Bf6 Rh7 18. a3 Bxf2 19. Re2 Nf5 20. b4 Rc8 21. Bxf5 gxf5 22. Rcc2 d4 23. Na4 Be3 24. Nc5 b6 25. Qg3 Bg5 26. Na4 Qb7 27. Nb2 Be4 28. Nc4 Kd7 29. Nd6 Rxc2 30. Rxc2 Qd5 31. Rc8 Bxg2+ 32. Kg1 Qf3 33. Rd8+ Kc6 34. Qxg2 Qxg2+ 35. Kxg2 Bxf6 36. exf6 Kc7 37. Ra8 Kxd6 38. Rxa6 Rh8 39. Rxb6+ Ke5 40. a4 Rc8 41. a5 Rc2+ 42. Kf3 Rc3+ 43. Ke2 Ke4 44. a6 d3+ 45. Kd2 Rc2+ 46. Kd1 Ra2 47. Rd6 f4 48. Rxe6+ fxe6 49. f7 Ke3 50. Kc1 d2+ 51. Kb1 Rxa6 52. f8Q d1Q+ 0-1

[Event "Warsaw Four Seasons op 2nd"]
[Site "Warsaw"]
[Date "2011.??.??"]
[Round "3"]
[White "Czajkowski, Adam"]
[Black "Luksik, Mateusz"]
[Result "1-0"]
[WhiteElo "1852"]
[BlackElo "2110"]
[PlyCount "120"]
[EventDate "2011.11.26"]
[EventType "swiss"]
[EventRounds "9"]
[EventCountry "POL"]
[SourceTitle "EXT 2014"]
[Source "ChessBase"]
[SourceDate "2013.11.20"]
[SourceVersion "1"]
[SourceVersionDate "2013.11.20"]
[SourceQuality "1"]

1. e4 c5 2. Nf3 d6 3. d4 cxd4 4. Nxd4 Nf6 5. Nc3 a6 6. h3 e5 7. Nde2 Be6 8. g4 Be7 9. Bg2 0-0 10. Be3 Nbd7 11. 0-0 Nb6 12. b3 Rc8 13. Nd5 Nbxd5 14. exd5 Bd7 15. Qd2 Ne8 16. f4 f5 17. g5 g6 18. c4 exf4 19. Bxf4 Ng7 20. Rac1 Nh5 21. Be3 f4 22. Nxf4 Ng3 23. Rf2 Nf5 24. Ne6 Bxe6 25. dxe6 Nxe3 26. Qxe3 Qa5 27. Bd5 Rxf2 28. Qxf2 Rf8 29. Qe3 Rf5 30. Rf1 Qxa2 31. Rxf5 gxf5 32. Bxb7 a5 33. Bd5 Qa1+ 34. Kg2 Qb2+ 35. Kh1 Kf8 36. h4 Qb1+ 37. Kh2 Qc2+ 38. Kh3 Ke8 39. h5 Qd1 40. Bc6+ Kf8 41. Bf3 Qf1+ 42. Bg2 Qa1 43. Bd5 Qf1+ 44. Kg3 Qd1 45. Bf3 Qa1 46. Kf4 Qb1 47. Qc3 Kg8 48. h6 Bxg5+ 49. Kxg5 Qg1+ 50. Kf4 Qh2+ 51. Kxf5 Qh3+ 52. Kf4 Qxh6+ 53. Kg3 Qg5+ 54. Kf2 h5 55. Bd5 Kh7 56. Qd3+ Kh8 57. Qd4+ Kh7 58. Qe4+ Kh8 59. e7 Qd2+ 60. Kg3 Qc3+ 1-0

[Event "Warsaw YMCA Autumn-A 84th"]
[Site "Warsaw"]
[Date "2010.11.19"]
[Round "8"]
[White "Zurkowski, Andrzej"]
[Black "Luksik, Mateusz"]
[Result "1-0"]
[WhiteElo "2120"]
[BlackElo "2111"]
[PlyCount "61"]
[EventDate "2010.09.24"]
[EventType "tourn"]
[EventRounds "13"]
[EventCountry "POL"]
[SourceTitle "EXT 2019"]
[Source "ChessBase"]
[SourceDate "2018.10.10"]
[SourceVersion "1"]
[SourceVersionDate "2018.10.10"]
[SourceQuality "1"]

1. d4 g6 2. e4 Bg7 3. c4 d6 4. Nc3 Nf6 5. f4 0-0 6. Nf3 c5 7. d5 e6 8. Be2 exd5 9. cxd5 Re8 10. e5 dxe5 11. fxe5 Ng4 12. Bg5 f6 13. exf6 Bxf6 14. Bxf6 Qxf6 15. 0-0 Ne3 16. Qa4 Bd7 17. Bb5 Bxb5 18. Qxb5 Rf8 19. Rf2 Na6 20. Re1 Ng4 21. Rfe2 Nb4 22. a3 Na6 23. Re6 Qd8 24. Qxb7 Nc7 25. Re7 Rf7 26. Rxf7 Kxf7 27. Nb5 Rc8 28. d6 c4 29. dxc7 Qf8 30. Qxc8 Qc5+ 31. Nbd4 1-0

[Event "Warsaw op 04"]
[Site "Warsaw"]
[Date "2009.05.28"]
[Round "11"]
[White "Luksik, Mateusz"]
[Black "Siekierski, Pawel"]
[Result "1/2-1/2"]
[WhiteElo "2111"]
[BlackElo "2077"]
[PlyCount "98"]
[EventDate "2009.04.07"]
[EventType "swiss"]
[EventRounds "11"]
[EventCountry "POL"]
[SourceTitle "EXT 2012"]
[Source "ChessBase"]
[SourceDate "2011.11.24"]
[SourceVersion "1"]
[SourceVersionDate "2011.11.24"]
[SourceQuality "1"]

1. e4 c5 2. Nc3 d6 3. f4 Nc6 4. Nf3 a6 5. d4 cxd4 6. Nxd4 Bd7 7. Be3 e5 8. Nxc6 Bxc6 9. Nd5 Bxd5 10. Qxd5 Qc7 11. Bd3 Nf6 12. Qb3 Be7 13. 0-0 0-0 14. Rad1 Rac8 15. c3 Qc6 16. Qb6 Qxb6 17. Bxb6 Rc6 18. Be3 Ng4 19. Bd2 exf4 20. Bxf4 Ne5 21. Be2 b5 22. Rd5 Re8 23. Kh1 Bf8 24. Rd4 Rc5 25. Bxe5 Rcxe5 26. Bf3 Rc8 27. g3 Be7 28. Bd1 f6 29. Bb3+ Kf8 30. Bd5 Rb8 31. a4 bxa4 32. Rxa4 Rxb2 33. Rxa6 g6 34. c4 Kg7 35. g4 h5 36. h3 hxg4 37. hxg4 Kh6 38. Ra8 Rg5 39. Rh8+ Kg7 40. Re8 Bf8 41. Ra1 Rxg4 42. Ra7+ Kh6 43. Rxf8 Rb1+ 44. Kh2 Rb2+ 45. Kh3 Kg5 46. c5 Rbg2 47. Ra3 Rg1 48. Kh2 R1g2+ 49. Kh1 Rg1+ 1/2-1/2

[Event "Warsaw op 04"]
[Site "Warsaw"]
[Date "2009.04.28"]
[Round "3"]
[White "Szefer, Michal"]
[Black "Luksik, Mateusz"]
[Result "1/2-1/2"]
[WhiteElo "2036"]
[BlackElo "2111"]
[PlyCount "115"]
[EventDate "2009.04.07"]
[EventType "swiss"]
[EventRounds "11"]
[EventCountry "POL"]
[SourceTitle "EXT 2012"]
[Source "ChessBase"]
[SourceDate "2011.11.24"]
[SourceVersion "1"]
[SourceVersionDate "2011.11.24"]
[SourceQuality "1"]

1. e4 c5 2. Nf3 d6 3. d4 cxd4 4. Nxd4 Nf6 5. Nc3 a6 6. Bg5 e6 7. f4 Qb6 8. Qd2 Nc6 9. Bxf6 gxf6 10. Nb3 h5 11. 0-0-0 Bd7 12. Be2 Rc8 13. Kb1 a5 14. Nb5 Nb4 15. Nxd6+ Bxd6 16. Qxd6 Qxd6 17. Rxd6 Rxc2 18. Nd4 Rc7 19. a3 Ke7 20. Rb6 Na6 21. Nb5 Bxb5 22. Rxb5 a4 23. Rc1 Rhc8 24. Rxc7+ Rxc7 25. Rxh5 Nc5 26. Bb5 Nxe4 27. Bxa4 f5 28. Bc2 Nd2+ 29. Kc1 Nb3+ 30. Kd1 Rd7+ 31. Ke1 Na5 32. g4 Rc7 33. Bd3 Rc1+ 34. Ke2 Nc4 35. gxf5 Nxb2 36. fxe6 Nxd3 37. Kxd3 Ra1 38. Ra5 Kxe6 39. h4 Rh1 40. h5 b6 41. Re5+ Kd6 42. Rb5 Rh3+ 43. Ke4 Rxa3 44. h6 Rh3 45. Rxb6+ Ke7 46. Ke5 Rh1 47. Rb7+ Kf8 48. Rb8+ Ke7 49. Rh8 Rh5+ 50. f5 f6+ 51. Kf4 Kf7 52. Rh7+ Kf8 53. Ke4 Kg8 54. Rg7+ Kf8 55. Kd5 Rxf5+ 56. Ke6 Rf1 57. Ra7 Kg8 58. Rg7+ 1/2-1/2

[Event "Warsaw YMCA Autumn 52nd"]
[Site "Warsaw"]
[Date "2008.11.21"]
[Round "7"]
[White "Moskwinski, Tadeusz"]
[Black "Luksik, Mateusz"]
[Result "1-0"]
[WhiteElo "2178"]
[BlackElo "2158"]
[PlyCount "53"]
[EventDate "2008.10.07"]
[EventType "tourn"]
[EventRounds "13"]
[EventCountry "POL"]
[SourceTitle "EXT 2019"]
[Source "ChessBase"]
[SourceDate "2018.10.10"]
[SourceVersion "1"]
[SourceVersionDate "2018.10.10"]
[SourceQuality "1"]

1. e4 c6 2. d4 d5 3. exd5 cxd5 4. c4 Nf6 5. Nc3 Nc6 6. Nf3 e6 7. cxd5 Nxd5 8. Bd3 Be7 9. 0-0 Ncb4 10. Bb1 Qc7 11. Bd2 Bd7 12. Ne5 Nxc3 13. bxc3 Nd5 14. Qh5 g6 15. Qf3 f6 16. Nxd7 Qxd7 17. a4 Rc8 18. Re1 Kf7 19. Ba2 Rhd8 20. Qh3 h5 21. Re2 e5 22. Qf3 Kg7 23. dxe5 Nxc3 24. Bxc3 Qd1+ 25. Rxd1 Rxd1+ 26. Re1 Rxc3 27. Qxc3 1-0

[Event "Warsaw YMCA Autumn 52nd"]
[Site "Warsaw"]
[Date "2008.11.14"]
[Round "6"]
[White "Luksik, Mateusz"]
[Black "Sielicki, Tomasz"]
[Result "1/2-1/2"]
[WhiteElo "2158"]
[BlackElo "2063"]
[PlyCount "132"]
[EventDate "2008.10.07"]
[EventType "tourn"]
[EventRounds "13"]
[EventCountry "POL"]
[SourceTitle "EXT 2019"]
[Source "ChessBase"]
[SourceDate "2018.10.10"]
[SourceVersion "1"]
[SourceVersionDate "2018.10.10"]
[SourceQuality "1"]

1. e4 d6 2. Nc3 Nf6 3. f4 g6 4. Nf3 Bg7 5. Bc4 0-0 6. e5 dxe5 7. fxe5 Ng4 8. d4 c5 9. h3 cxd4 10. hxg4 dxc3 11. Qxd8 Rxd8 12. Ng5 e6 13. Nxh7 Nd7 14. Bg5 cxb2 15. Rd1 Nf8 16. Bxd8 Nxh7 17. Bc7 Bd7 18. 0-0 Ba4 19. Bb3 Bxb3 20. cxb3 Rc8 21. Bd6 Bh6 22. Rb1 Be3+ 23. Kh2 Rc1 24. Ba3 Rxf1 25. Rxf1 Bc1 26. Rxc1 bxc1Q 27. Bxc1 f6 28. Bb2 Kf7 29. Kg3 fxe5 30. Bxe5 Nf6 31. g5 Nd5 32. Kf3 Ke7 33. Ke4 Kd7 34. Bd4 a6 35. Ke5 b6 36. Bf2 a5 37. Be1 Ke7 38. Bd2 Kd7 39. Bc1 b5 40. a3 a4 41. bxa4 bxa4 42. Bd2 Ke7 43. Be1 Ne3 44. Bb4+ Kf7 45. Ke4 Nxg2 46. Bc3 Ke7 47. Kd4 Kd6 48. Bb4+ Kd7 49. Ke4 Nh4 50. Kf4 e5+ 51. Ke4 Ke6 52. Bc3 Nf5 53. Bxe5 Nd6+ 54. Bxd6 Kxd6 55. Kd4 Ke6 56. Ke4 Kd6 57. Kd4 Ke6 58. Kc4 Kf5 59. Kb4 Kxg5 60. Kxa4 Kf4 61. Kb5 g5 62. a4 g4 63. a5 g3 64. a6 g2 65. a7 g1Q 66. a8Q Qb1+ 1/2-1/2

[Event "Warsaw YMCA Autumn 52nd"]
[Site "Warsaw"]
[Date "2008.10.24"]
[Round "3"]
[White "Bielinski, Leszek"]
[Black "Luksik, Mateusz"]
[Result "1/2-1/2"]
[WhiteElo "2128"]
[BlackElo "2158"]
[PlyCount "110"]
[EventDate "2008.10.07"]
[EventType "tourn"]
[EventRounds "13"]
[EventCountry "POL"]
[SourceTitle "EXT 2019"]
[Source "ChessBase"]
[SourceDate "2018.10.10"]
[SourceVersion "1"]
[SourceVersionDate "2018.10.10"]
[SourceQuality "1"]

1. e4 c6 2. d3 d5 3. Nd2 e5 4. g3 Bd6 5. Bg2 Nf6 6. Ngf3 0-0 7. 0-0 Re8 8. Re1 Nbd7 9. c3 Nc5 10. Qc2 Bg4 11. b4 Bxf3 12. Bxf3 Ne6 13. a3 a5 14. Bb2 axb4 15. axb4 Qb6 16. h3 d4 17. Nc4 Qc7 18. Bg2 c5 19. b5 dxc3 20. Bxc3 Nd4 21. Bxd4 cxd4 22. Qb3 Nd7 23. Rec1 Nc5 24. Qc2 Rxa1 25. Rxa1 Rc8 26. Bf1 Qd7 27. Ra7 Ne6 28. Qa2 Bc5 29. Nxe5 Qxb5 30. Ra8 Qe8 31. Rxc8 Qxc8 32. Qd5 b6 33. f4 Qd8 34. Qc6 h6 35. Be2 Bd6 36. Nc4 Bxf4 37. gxf4 Nxf4 38. Bg4 Qg5 39. Qc8+ Kh7 40. Qf5+ Qxf5 41. Bxf5+ g6 42. Bd7 Nxd3 43. Nxb6 Nf4 44. Kf2 Kg7 45. Kf3 Nd3 46. Nc4 Kf6 47. Ke2 Nf4+ 48. Kf3 Nd3 49. Be8 Ke7 50. Bc6 Kf6 51. h4 Ne5+ 52. Nxe5 Kxe5 53. Be8 f5 54. Bxg6 fxe4+ 55. Bxe4 Kf6 1/2-1/2

[Event "Warsaw YMCA Summer 49th"]
[Site "Warsaw"]
[Date "2008.08.21"]
[Round "10"]
[White "Luksik, Mateusz"]
[Black "Kukawski, Maciej"]
[Result "0-1"]
[WhiteElo "2171"]
[BlackElo "2253"]
[PlyCount "104"]
[EventDate "2008.07.15"]
[EventType "tourn"]
[EventRounds "10"]
[EventCountry "POL"]
[SourceTitle "EXT 2019"]
[Source "ChessBase"]
[SourceDate "2018.10.10"]
[SourceVersion "1"]
[SourceVersionDate "2018.10.10"]
[SourceQuality "1"]

1. d4 d5 2. c4 Nc6 3. cxd5 Qxd5 4. Nf3 e5 5. Nc3 Bb4 6. Bd2 Bxc3 7. Bxc3 e4 8. Ne5 e3 9. fxe3 Nxe5 10. dxe5 Be6 11. Qa4+ b5 12. Qa5 Nh6 13. e4 Qb7 14. e3 0-0 15. Qxb5 Qxe4 16. Qd3 Qa4 17. Qd1 Qc6 18. Be2 Rad8 19. Bd4 Qxg2 20. Bf3 Qh3 21. Qe2 Nf5 22. Bxa7 Nh4 23. Be4 Bd5 24. Bxd5 Rxd5 25. Rd1 Rfd8 26. Rxd5 Rxd5 27. Bd4 Nf3+ 28. Kd1 c5 29. Qa6 Rd8 30. Qa5 Rc8 31. Bc3 Qg2 32. Re1 Nxe1 33. Kxe1 Qg1+ 34. Ke2 Qxh2+ 35. Kd3 c4+ 36. Kd4 Qe2 37. Ke4 Qg4+ 38. Kd5 h5 39. Qa6 h4 40. e6 fxe6+ 41. Kd6 Qg3+ 42. Be5 Rd8+ 43. Kc7 Qxe5+ 44. Kxd8 h3 45. Ke7 Qg5+ 46. Kd7 Qd5+ 47. Ke7 h2 48. Qc8+ Kh7 49. e4 Qg5+ 50. Kf7 Qf6+ 51. Ke8 h1Q 52. Qc5 Qg6+ 0-1

[Event "Warsaw YMCA Spring 48th"]
[Site "Warsaw"]
[Date "2008.06.20"]
[Round "12"]
[White "Delega, Tomasz"]
[Black "Luksik, Mateusz"]
[Result "1-0"]
[WhiteElo "2040"]
[BlackElo "2171"]
[PlyCount "143"]
[EventDate "2008.04.02"]
[EventType "tourn"]
[EventRounds "13"]
[EventCountry "POL"]
[SourceTitle "EXT 2019"]
[Source "ChessBase"]
[SourceDate "2018.10.10"]
[SourceVersion "1"]
[SourceVersionDate "2018.10.10"]
[SourceQuality "1"]

1. d4 Nf6 2. Nf3 d5 3. e3 Bg4 4. b3 e6 5. Bb2 Bb4+ 6. c3 Bd6 7. Bd3 Nbd7 8. Qc2 0-0 9. Nbd2 e5 10. dxe5 Nxe5 11. Nxe5 Bxe5 12. Nf3 Bd6 13. h3 Bh5 14. Nd4 Re8 15. g4 Bg6 16. Nf5 Bxf5 17. Bxf5 Qe7 18. 0-0-0 g6 19. Bd3 Ba3 20. g5 Nd7 21. h4 Bxb2+ 22. Kxb2 Nc5 23. Rhg1 a5 24. h5 a4 25. b4 a3+ 26. Kc1 Na4 27. hxg6 hxg6 28. Bb5 Nb2 29. Bxe8 Nxd1 30. Bxf7+ Kxf7 31. Qxd1 Qe5 32. Qd3 Ra6 33. f4 Qe6 34. Qd4 c5 35. bxc5 Ra4 36. Qf6+ Qxf6 37. gxf6 Rc4 38. Kd2 Rxc5 39. Rb1 Rc7 40. Rb3 Kxf6 41. Rxa3 Rc6 42. Kd3 Ke6 43. Rb3 b6 44. Ra3 Kd6 45. Ra7 Kc5 46. a4 Kd6 47. Rg7 Kc5 48. Rg8 Re6 49. Rc8+ Kd6 50. a5 Kd7 51. Ra8 bxa5 52. Rxa5 Rd6 53. Kd4 Ke6 54. Ra8 Rc6 55. Re8+ Kf7 56. Re5 Rc4+ 57. Kd3 Rc5 58. Kc2 Kf6 59. Kd2 Ra5 60. Kd3 Rc5 61. Kc2 Ra5 62. e4 Ra4 63. exd5 Rxf4 64. Re2 Ra4 65. Kd3 g5 66. c4 g4 67. d6 Ra3+ 68. Kd4 Ra1 69. Kd5 g3 70. d7 Kf5 71. Kc6 Rd1 72. Kc7 1-0

[Event "Warsaw YMCA Spring 48th"]
[Site "Warsaw"]
[Date "2008.06.06"]
[Round "10"]
[White "Szymczak, Rafal"]
[Black "Luksik, Mateusz"]
[Result "0-1"]
[WhiteElo "2140"]
[BlackElo "2171"]
[PlyCount "80"]
[EventDate "2008.04.02"]
[EventType "tourn"]
[EventRounds "13"]
[EventCountry "POL"]
[SourceTitle "EXT 2019"]
[Source "ChessBase"]
[SourceDate "2018.10.10"]
[SourceVersion "1"]
[SourceVersionDate "2018.10.10"]
[SourceQuality "1"]

1. d4 Nf6 2. g3 g6 3. Bg2 Bg7 4. e4 d6 5. f4 0-0 6. e5 dxe5 7. dxe5 Qxd1+ 8. Kxd1 Rd8+ 9. Ke2 Nd5 10. c3 Nc6 11. Nf3 f6 12. exf6 exf6 13. Re1 Bf8 14. c4 Ndb4 15. Na3 Bf5 16. Be3 Re8 17. Rad1 Bc5 18. Kf2 Rxe3 19. Rxe3 Nd3+ 20. Ke2 Nxb2 21. Rd5 Bxe3 22. Kxe3 Re8+ 23. Kd2 Be6 24. Rc5 Rd8+ 25. Kc2 Nd3 26. Rb5 Ndb4+ 27. Kb3 Rd3+ 28. Ka4 Nxa2 29. Rxb7 Bd7 30. Nb5 a6 31. Ne1 axb5+ 32. cxb5 Rd4+ 33. Ka3 Ncb4 34. Rxc7 Bxb5 35. Nc2 Rd3+ 36. Kb2 Rd2 37. Be4 f5 38. Ka3 fxe4 39. Nxb4 Nxb4 40. Kxb4 Bd3 0-1